[Event "ROM-ch U14"]
[Site "Calimanesti"]
[Date "2018.04.02"]
[Round "8"]
[White "Antal, Hunor Zoltan"]
[Black "Constandache, Vlad Ciprian"]
[Result "1/2-1/2"]
[WhiteElo "1904"]
[BlackElo "1695"]
[PlyCount "87"]
[EventDate "2018.03.27"]
[EventType "swiss"]
[EventRounds "9"]
[EventCountry "ROU"]
[SourceTitle "CBM 183 Extra"]
[Source "ChessBase"]
[SourceDate "2018.04.19"]
[SourceVersion "1"]
[SourceVersionDate "2018.04.19"]
[SourceQuality "1"]

1. d4 Nf6 2. Nf3 e6 3. c4 d5 4. Nc3 Be7 5. Bf4 0-0 6. cxd5 exd5 7. e3 Nbd7 8. Bd3 c6 9. Qc2 b6 10. 0-0 Bb7 11. Ne5 h6 12. Qa4 Nxe5 13. Bxe5 c5 14. Ba6 Bxa6 15. Qxa6 Qc8 16. Qxc8 Raxc8 17. Bxf6 Bxf6 18. Nxd5 cxd4 19. Nxf6+ gxf6 20. Rfc1 dxe3 21. fxe3 Rfe8 22. Kf2 Kg7 23. b4 Kg6 24. a4 Rxc1 25. Rxc1 Re4 26. Rc7 Rxb4 27. Rxa7 f5 28. Ra6 f6 29. Kf3 Kf7 30. Ra7+ Kg6 31. h3 h5 32. a5 bxa5 33. Rxa5 Rc4 34. Rd5 Rc2 35. g3 Ra2 36. Rd8 Kg7 37. Rd3 Kg6 38. e4 Ra4 39. exf5+ Kxf5 40. Rd5+ Kg6 41. Rd3 Kf5 42. Rb3 Kg5 43. h4+ Kf5 44. Rb5+ 1/2-1/2

[Event "ROM-ch U14"]
[Site "Calimanesti"]
[Date "2018.03.29"]
[Round "4"]
[White "Nicolae, Andrei M"]
[Black "Constandache, Vlad Ciprian"]
[Result "0-1"]
[WhiteElo "1424"]
[BlackElo "1695"]
[PlyCount "128"]
[EventDate "2018.03.27"]
[EventType "swiss"]
[EventRounds "9"]
[EventCountry "ROU"]
[SourceTitle "CBM 183 Extra"]
[Source "ChessBase"]
[SourceDate "2018.04.19"]
[SourceVersion "1"]
[SourceVersionDate "2018.04.19"]
[SourceQuality "1"]

1. d4 Nf6 2. g3 d5 3. Bg2 Bf5 4. c4 e6 5. Nf3 Bb4+ 6. Bd2 Bxd2+ 7. Nbxd2 0-0 8. Nh4 Be4 9. f3 Bg6 10. Nxg6 hxg6 11. e4 Re8 12. 0-0 dxe4 13. Nxe4 c6 14. Qd2 Qe7 15. Rad1 Nbd7 16. c5 Nxe4 17. fxe4 e5 18. b4 a5 19. d5 Rad8 20. Bh3 cxd5 21. Bxd7 Qxd7 22. exd5 Qb5 23. a3 Rd7 24. Qd3 Qa4 25. Qc3 Red8 26. d6 Rc8 27. Rb1 Qb5 28. Qxe5 b6 29. Rfe1 bxc5 30. Rec1 Qd3 31. bxc5 Qxa3 32. Rc3 Qa2 33. Rd1 Qa4 34. Rcc1 Qc6 35. Qd5 Rdd8 36. Kf2 Qxd5 37. Rxd5 Rc6 38. Re1 Kf8 39. Rde5 f6 40. Rd5 Re8 41. Ra1 Ra6 42. Ra4 Kf7 43. Kf3 Ke6 44. Re4+ Kd7 45. Red4 a4 46. c6+ Kxc6 47. d7 Rd8 48. Rd6+ Kb7 49. Rxa6 Kxa6 50. Rxa4+ Kb5 51. Rd4 Kc6 52. Ke4 Rxd7 53. Rxd7 Kxd7 54. h4 Ke6 55. Kf4 f5 56. Kg5 Kf7 57. g4 Ke6 58. Kf4 Kf6 59. Kf3 g5 60. gxf5 Kxf5 61. hxg5 Kxg5 62. Kg3 g6 63. Kf3 Kh4 64. Kg2 Kg4 0-1

[Event "ROM-ch U14"]
[Site "Calimanesti"]
[Date "2018.03.28"]
[Round "2"]
[White "Mintau, Andrei Catalin"]
[Black "Constandache, Vlad Ciprian"]
[Result "1/2-1/2"]
[WhiteElo "1956"]
[BlackElo "1695"]
[PlyCount "109"]
[EventDate "2018.03.27"]
[EventType "swiss"]
[EventRounds "9"]
[EventCountry "ROU"]
[SourceTitle "CBM 183 Extra"]
[Source "ChessBase"]
[SourceDate "2018.04.19"]
[SourceVersion "1"]
[SourceVersionDate "2018.04.19"]
[SourceQuality "1"]

1. e4 c6 2. d4 d5 3. exd5 cxd5 4. c4 Nf6 5. Nc3 Nc6 6. Bg5 e6 7. Nf3 Be7 8. Bd3 a6 9. a3 h6 10. Bh4 0-0 11. 0-0 dxc4 12. Bxc4 Nd5 13. Bxe7 Ncxe7 14. Ba2 Qa5 15. Qd3 Nxc3 16. bxc3 Nd5 17. c4 Nf6 18. Ne5 Rd8 19. Rad1 Bd7 20. Rfe1 Bc6 21. Re3 Nd7 22. Nxc6 bxc6 23. Qe4 Qc7 24. Rf3 Nf6 25. Qh4 Qe7 26. Rg3 Kf8 27. Re3 Nd5 28. Qxe7+ Nxe7 29. Red3 Rd6 30. g4 Rad8 31. f3 c5 32. d5 Ke8 33. Kf2 Nc6 34. Re3 Nd4 35. f4 Rb8 36. Rd2 Kd7 37. Re5 Rbb6 38. Ke3 Nb3 39. Rc2 Nd4 40. Rf2 exd5 41. cxd5 Nb5 42. Kd3 Nxa3 43. Rfe2 Kc7 44. Kc3 Rd7 45. d6+ Rbxd6 46. Rxc5+ Kb6 47. Rce5 Nb5+ 48. Kb2 Rd4 49. Rf5 Nd6 50. Rfe5 Nc4+ 51. Bxc4 Rxc4 52. Rf2 Rdd4 53. Rf5 f6 54. g5 hxg5 55. fxg5 1/2-1/2

[Event "EU-ch U12 27th"]
[Site "Mamaia"]
[Date "2017.09.07"]
[Round "3"]
[White "Ruiz Buendia, Miguel"]
[Black "Constandache, Vlad Ciprian"]
[Result "1/2-1/2"]
[WhiteElo "1474"]
[BlackElo "1643"]
[PlyCount "81"]
[EventDate "2017.09.05"]
[EventType "swiss"]
[EventRounds "9"]
[EventCountry "ROU"]
[SourceTitle "CBM 180 Extra"]
[Source "ChessBase"]
[SourceDate "2017.10.06"]
[SourceVersion "1"]
[SourceVersionDate "2017.10.06"]
[SourceQuality "1"]

1. e4 c6 2. Nf3 d5 3. exd5 cxd5 4. d4 Nc6 5. Nc3 Nf6 6. Bf4 a6 7. Bd3 Bg4 8. Be2 e6 9. 0-0 Bb4 10. Ne5 Bxe2 11. Nxe2 0-0 12. c3 Bd6 13. Nxc6 bxc6 14. b3 c5 15. Bxd6 Qxd6 16. dxc5 Qxc5 17. Qd4 Rac8 18. Rac1 Ne4 19. f3 Nd6 20. Rfd1 Nb5 21. Qxc5 Rxc5 22. c4 dxc4 23. Rxc4 Rxc4 24. bxc4 Na3 25. c5 Rc8 26. Nd4 Rd8 27. c6 Nb5 28. a4 Nc7 29. Rb1 Kf8 30. Nb3 Rb8 31. Rd1 Nd5 32. Nc5 Rc8 33. Rc1 Nb4 34. c7 Ke7 35. Nb3 Nd5 36. Rc6 Nxc7 37. Nc5 a5 38. Kf2 Kd8 39. Rd6+ Ke7 40. Rc6 Kd8 41. Rd6+ 1/2-1/2

[Event "ROM-ch U12"]
[Site "Baile Felix"]
[Date "2017.02.05"]
[Round "5"]
[White "Constandache, Vlad Ciprian"]
[Black "Gavris, Alexandru Catalin"]
[Result "1/2-1/2"]
[WhiteElo "1588"]
[BlackElo "1488"]
[PlyCount "74"]
[EventDate "2017.02.02"]
[EventType "swiss"]
[EventRounds "9"]
[EventCountry "ROU"]
[SourceTitle "CBM 176 Extra"]
[Source "ChessBase"]
[SourceDate "2017.03.02"]
[SourceVersion "1"]
[SourceVersionDate "2017.03.02"]
[SourceQuality "1"]

1. d4 d5 2. c4 c6 3. Nf3 Nf6 4. Nc3 a6 5. e3 b5 6. cxb5 cxb5 7. a3 Nc6 8. Qc2 Qc7 9. Bd2 Bb7 10. Rc1 e6 11. Nxb5 Qb6 12. Nc3 Bd6 13. Bd3 0-0 14. 0-0 Rac8 15. Na4 Qc7 16. Nc5 Nb8 17. Qb3 Bxc5 18. Rxc5 Bc6 19. Rfc1 Qb7 20. Qxb7 Bxb7 21. Rxc8 Rxc8 22. Rxc8+ Bxc8 23. Ne5 Nfd7 24. Nxd7 Bxd7 25. b3 Bb5 26. Bf1 Kf8 27. Bb4+ Ke8 28. a4 Bxf1 29. Kxf1 Nc6 30. Ba3 Na5 31. b4 Nc4 32. Bc1 Kd7 33. Ke2 Kc6 34. Kd3 Nb6 35. a5 Nc4 36. Kc3 f5 37. f3 Kb5 1/2-1/2

[Event "ROM-ch U12"]
[Site "Calimanesti Caciulata"]
[Date "2016.04.25"]
[Round "9"]
[White "Constandache, Vlad Ciprian"]
[Black "Vilcu, Matei Stefan"]
[Result "1-0"]
[WhiteElo "1427"]
[BlackElo "1681"]
[PlyCount "75"]
[EventDate "2016.04.18"]
[EventType "swiss"]
[EventRounds "9"]
[EventCountry "ROU"]
[SourceTitle "EXT 2017"]
[Source "ChessBase"]
[SourceDate "2016.10.25"]
[SourceVersion "1"]
[SourceVersionDate "2016.10.25"]
[SourceQuality "1"]

1. d4 Nf6 2. c4 e6 3. Nf3 Bb4+ 4. Bd2 Bxd2+ 5. Nbxd2 b6 6. Qc2 Bb7 7. e3 0-0 8. Bd3 h6 9. 0-0 d5 10. Rac1 Nbd7 11. c5 c6 12. Nb3 Qe7 13. a4 Rfe8 14. a5 bxa5 15. Nxa5 Nf8 16. Qa4 Qc7 17. Ne5 Reb8 18. Rb1 N6d7 19. Nexc6 Bxc6 20. Nxc6 Re8 21. h3 e5 22. Rfe1 e4 23. Be2 Nh7 24. b4 f5 25. g3 g5 26. b5 f4 27. Kh2 Nhf6 28. exf4 gxf4 29. Ra1 Kh7 30. Qa5 Nb6 31. cxb6 axb6 32. Qb4 e3 33. f3 fxg3+ 34. Kh1 Nh5 35. Ne5 Rg8 36. Bd3+ Kg7 37. Rac1 Qd8 38. Rc6 1-0

[Event "ROM-ch U12"]
[Site "Calimanesti Caciulata"]
[Date "2016.04.24"]
[Round "8"]
[White "Oprea, Rares Andrei"]
[Black "Constandache, Vlad Ciprian"]
[Result "0-1"]
[WhiteElo "1590"]
[BlackElo "1427"]
[PlyCount "100"]
[EventDate "2016.04.18"]
[EventType "swiss"]
[EventRounds "9"]
[EventCountry "ROU"]
[SourceTitle "CBM 172 Extra"]
[Source "ChessBase"]
[SourceDate "2016.06.21"]
[SourceVersion "1"]
[SourceVersionDate "2016.06.21"]
[SourceQuality "1"]

1. d4 Nf6 2. c4 e6 3. Nc3 c5 4. d5 b5 5. Bg5 bxc4 6. e4 d6 7. Bxc4 Be7 8. Nf3 0-0 9. 0-0 Ba6 10. b3 Bxc4 11. bxc4 Nbd7 12. Rb1 Rb8 13. Qc2 exd5 14. exd5 Nxd5 15. Nxd5 Bxg5 16. Rxb8 Nxb8 17. Qa4 a6 18. Rd1 Be7 19. Qb3 Re8 20. Qb7 Bf8 21. Rb1 Qc8 22. Qxc8 Rxc8 23. Rb6 f6 24. h3 Kf7 25. Nd2 Ke8 26. Ne4 Kd7 27. Ng3 a5 28. Nh5 Nc6 29. Rb7+ Ke6 30. Nxg7+ Bxg7 31. Rxg7 Nb4 32. Re7+ Kf5 33. g4+ Kg6 34. Nxb4 cxb4 35. Ra7 Rc5 36. Kg2 h5 37. Kg3 hxg4 38. hxg4 d5 39. cxd5 Rxd5 40. Ra6 Rd3+ 41. f3 Ra3 42. Kf4 Rxa2 43. Ke3 a4 44. f4 Kf7 45. Kd3 b3 46. Rb6 b2 47. Kc2 a3 48. Rb7+ Kg6 49. Kc3 Ra1 50. Kc2 Rc1+ 0-1

[Event "ROM-ch U12"]
[Site "Calimanesti Caciulata"]
[Date "2016.04.19"]
[Round "2"]
[White "Metehau, Luca Mihnea"]
[Black "Constandache, Vlad Ciprian"]
[Result "1-0"]
[WhiteElo "1696"]
[BlackElo "1427"]
[PlyCount "111"]
[EventDate "2016.04.18"]
[EventType "swiss"]
[EventRounds "9"]
[EventCountry "ROU"]
[SourceTitle "CBM 172 Extra"]
[Source "ChessBase"]
[SourceDate "2016.06.21"]
[SourceVersion "1"]
[SourceVersionDate "2016.06.21"]
[SourceQuality "1"]

1. e4 e6 2. d4 d5 3. exd5 exd5 4. Nf3 Nf6 5. Bd3 Bd6 6. c3 Bg4 7. Bg5 h6 8. Bh4 Nbd7 9. Nbd2 c6 10. Qc2 Qc7 11. a4 b6 12. 0-0 0-0 13. h3 Be6 14. Bxf6 Nxf6 15. Rfe1 Rfe8 16. Ne5 c5 17. Ndf3 cxd4 18. cxd4 Qxc2 19. Bxc2 Nd7 20. Bd3 Nxe5 21. Nxe5 Bxe5 22. Rxe5 f6 23. Re2 Bd7 24. a5 Rxe2 25. Bxe2 b5 26. Bf3 Be6 27. Rc1 Rc8 28. Rxc8+ Bxc8 29. Bxd5+ Kf8 30. b4 Ke7 31. Kf1 Kd6 32. Be4 Be6 33. Ke2 Bc4+ 34. Ke3 Be6 35. Bd3 Bd7 36. Be4 Be6 37. f4 g5 38. f5 Bf7 39. g4 Be8 40. Ba8 Bf7 41. Bb7 Bc4 42. Bf3 Bf7 43. Be4 Bd5 44. a6 Bc4 45. Bb7 Bf1 46. Bf3 Bc4 47. Be2 Kd5 48. Bd3 Kc6 49. Bxc4 bxc4 50. Kd2 Kb5 51. Kc3 Kxa6 52. Kxc4 Kb6 53. d5 Kc7 54. Kc5 a6 55. d6+ Kd7 56. Kd5 1-0

[Event "ROM-ch U10"]
[Site "Calimanesti"]
[Date "2015.04.02"]
[Round "5"]
[White "Constandache, Vlad Ciprian"]
[Black "Ferentiu, Raul Florin"]
[Result "1-0"]
[WhiteElo "1420"]
[BlackElo "1282"]
[PlyCount "69"]
[EventDate "2015.03.30"]
[EventType "swiss"]
[EventRounds "9"]
[EventCountry "ROU"]
[SourceTitle "CBM 165 Extra"]
[Source "ChessBase"]
[SourceDate "2015.04.21"]
[SourceVersion "1"]
[SourceVersionDate "2015.04.21"]
[SourceQuality "1"]

1. d4 d5 2. Nf3 Nf6 3. c4 c6 4. e3 Bg4 5. Be2 e6 6. b3 Bb4+ 7. Bd2 Bd6 8. Nc3 Bc7 9. Qc2 b6 10. h3 Bh5 11. e4 dxe4 12. Nxe4 Nbd7 13. Bb4 Bg6 14. Nfd2 Bf4 15. Bd3 Bxd2+ 16. Nxd2 Rc8 17. 0-0 c5 18. Bxg6 hxg6 19. dxc5 bxc5 20. Bc3 Qc7 21. Ne4 Nh5 22. Qd2 f5 23. Nd6+ Kf8 24. Nxc8 Qxc8 25. Rad1 Nhf6 26. Bxf6 Nxf6 27. Qd8+ Qxd8 28. Rxd8+ Ne8 29. Ra8 Ke7 30. Rd1 Rh6 31. Rxa7+ Kf6 32. a4 g5 33. a5 g6 34. a6 Rh8 35. Rd8 1-0